00657nam a2200157 a 450000100100000000500170001000800410002704000250006810000400009324500510013326000900018430000210027404900090029595201780030499900170048200003087920200930062551.0110602s1981 dr 000 0 spa d aDO-SdBNPbspacBNPHU1 aSantín Guerrero, Clodomiro95741214aLos cimarrones /cClodomiro Santín Guerrero. aSanto Domingo :bSecretaría de Estado de Educación, Bellas Artes y Cultos,c1981. a295 p. ;c23 cm. aBNPD 0010718PDaPDbPDcCTd2011-06-02iLF1l0o p30879-10r2020-06-25w2020-06-25yLFPDzPerteneció a la biblioteca personal de Aída Cartagena Portalatín.ZNo se presta c30371d30371